000 00531cam a2200157 4500
001 J107744
008 000000n1928 000 0 eng u
035 _a(Sirsi) u107744
110 _aColonial Survey Committee
_93923
245 _aSpecial report on the triangulations of Eaatern and Central Africa including Kenya, Northern Rhodesia, Nyasaland, Tanganyika Territory and Uganda.
260 _aLondon
_bHMSO
_c1928
300 _a58p. ; 24cm.
520 _aIssued by the Colonial Office
650 _aTRIANGULATION
942 _n0
999 _c100717
_d100717